[Event "Sao Paulo Freitas Memorial"]
[Site "Sao Paulo"]
[Date "2015.10.12"]
[Round "6"]
[White "Karki, DB."]
[Black "Schwertner, Joao Victor Moreir"]
[Result "0-1"]
[WhiteElo "1639"]
[BlackElo "1897"]
[PlyCount "72"]
[EventDate "2015.10.10"]
[EventType "swiss"]
[EventRounds "6"]
[EventCountry "BRA"]
[SourceTitle "CBM 168 Extra"]
[Source "ChessBase"]
[SourceDate "2015.10.29"]
[SourceVersion "1"]
[SourceVersionDate "2015.10.29"]
[SourceQuality "1"]

1. b4 d5 2. Bb2 e6 3. e3 Nf6 4. b5 Be7 5. Nf3 Bd7 6. c4 c6 7. a4 a6 8. cxd5 cxd5 9. Nc3 Bb4 10. Qb3 Qe7 11. Bd3 axb5 12. axb5 Rxa1+ 13. Bxa1 Bc8 14. 0-0 Nbd7 15. Be2 Bd6 16. d4 0-0 17. Nd2 Nb6 18. Bb2 Bd7 19. Ra1 Ra8 20. Na4 Rxa4 21. Rxa4 Nxa4 22. Qxa4 Qd8 23. f4 Ne8 24. g3 Nc7 25. Bd3 h6 26. Bc3 Qe8 27. Qa7 Bxb5 28. Bc2 Bc6 29. Qb6 Qa8 30. e4 Nb5 31. Bb2 Qa2 32. Qd8+ Bf8 33. exd5 Bxd5 34. Bh7+ Kxh7 35. Qxf8 Qxb2 36. Qb4 Qxb4 0-1

[Event "Sao Paulo Freitas Memorial"]
[Site "Sao Paulo"]
[Date "2015.10.11"]
[Round "4"]
[White "Karki, DB."]
[Black "Tamarozi, Isabelle"]
[Result "0-1"]
[WhiteElo "1639"]
[BlackElo "1935"]
[PlyCount "99"]
[EventDate "2015.10.10"]
[EventType "swiss"]
[EventRounds "6"]
[EventCountry "BRA"]
[SourceTitle "CBM 168 Extra"]
[Source "ChessBase"]
[SourceDate "2015.10.29"]
[SourceVersion "1"]
[SourceVersionDate "2015.10.29"]
[SourceQuality "1"]

1. d4 Nf6 2. Nd2 d6 3. e4 g6 4. f4 Bg7 5. Ngf3 0-0 6. h3 Nbd7 7. Bd3 c5 8. c3 Rb8 9. 0-0 b5 10. Kh2 a5 11. e5 Nd5 12. Ne4 c4 13. Be2 N7b6 14. g4 Qc7 15. Ng3 b4 16. Ne4 Bb7 17. Ng3 bxc3 18. bxc3 Nxc3 19. Qd2 Nbd5 20. Bb2 Nxe2 21. Nxe2 Ba6 22. Nc3 Nb4 23. Rab1 Rfd8 24. Qe2 Nd3 25. Bc1 Rxb1 26. Nxb1 c3 27. Rg1 c2 28. Nbd2 Nxc1 29. Qxa6 Nxa2 30. Nb3 c1Q 31. Nxc1 Nxc1 32. Kg3 Qc8 33. Qf1 Nb3 34. Qb5 Qc3 35. Rd1 dxe5 36. Rd3 exf4+ 37. Kxf4 Nxd4 38. Rxc3 Nxb5 39. Rc6 Ra8 40. Nd2 a4 41. Rb6 Nc3 42. Rb7 a3 43. g5 a2 44. Nb3 a1Q 45. Nxa1 Rxa1 46. Rb8+ Bf8 47. h4 Kg7 48. Ke5 Rd1 49. Re8 e6 50. Kf4 0-1

[Event "Sao Paulo Cordioli Memorial"]
[Site "Sao Paulo"]
[Date "2015.09.06"]
[Round "3"]
[White "De Haro, Martim Alfonso"]
[Black "Karki, DB."]
[Result "1-0"]
[WhiteElo "1947"]
[BlackElo "1651"]
[PlyCount "66"]
[EventDate "2015.09.05"]
[EventType "swiss"]
[EventRounds "6"]
[EventCountry "BRA"]
[SourceTitle "EXT 2016"]
[Source "ChessBase"]
[SourceDate "2015.10.08"]
[SourceVersion "1"]
[SourceVersionDate "2015.10.08"]
[SourceQuality "1"]

1. e4 d6 2. d4 Nf6 3. Nc3 e6 4. Nf3 Be7 5. Be2 0-0 6. 0-0 a6 7. h3 b5 8. Bd3 Bb7 9. Qe2 Nbd7 10. Nb1 c5 11. c3 c4 12. Bc2 Nb6 13. Bg5 h6 14. Bh4 Nh7 15. Bxe7 Qxe7 16. Nbd2 Bc6 17. Rae1 Rfe8 18. Qe3 d5 19. e5 a5 20. Nh2 Nd7 21. f4 Ndf8 22. f5 exf5 23. Rxf5 Bd7 24. Rf2 f6 25. Qf3 Bc6 26. Ng4 Ng5 27. Qg3 b4 28. h4 Ngh7 29. Ref1 Kh8 30. exf6 Nxf6 31. Nxf6 gxf6 32. Rxf6 Qe3+ 33. Qxe3 Rxe3 1-0